| 000 | 00879nam a22002415a 4500 | ||
|---|---|---|---|
| 003 | OSt | ||
| 005 | 20170503151458.0 | ||
| 008 | 170503s2002 ua fr 000 0 eng d | ||
| 015 | _a2002 / 2621 | ||
| 020 | _a9773130606 | ||
| 040 |
_aEG-ScBUE _beng _cEG-ScBUE _dEG-ScBUE |
||
| 082 | 0 | 4 |
_222 _a327 _bز هـ ر |
| 100 | 1 |
_aزهران، جمال علي، _d1955- |
|
| 245 | 1 | 2 |
_aالنظام الدولي بين الاستمرارية والتغيير : _bدراسة في مشكلات معاصرة / _cجمال علي زهران. |
| 250 | _aط. 2. | ||
| 260 |
_aالقاهرة : _bمركز المحروسة للبحوث والتدريب والنشر، _c2002. |
||
| 300 |
_a230 ص. ؛ _c24 سم. |
||
| 650 | 7 |
_2BUEsh _aالتعاون الدولي. _915471 |
|
| 650 | 7 |
_2BUEsh _aالسياسة الدولية. _917594 |
|
| 651 | _2BUEsh | ||
| 653 |
_bLLAAWW _cMay2017 |
||
| 942 | _2ddc | ||
| 999 |
_c24773 _d24745 |
||